[Event "Kishinev ULIM Cup"]
[Site "Kishinev"]
[Date "2005.10.10"]
[Round "3"]
[White "Dorofeev, Alexei"]
[Black "Socoloveac, Roman"]
[Result "1-0"]
[WhiteElo "2228"]
[BlackElo "2011"]
[PlyCount "57"]
[EventDate "2005.10.08"]
[EventType "swiss"]
[EventRounds "9"]
[EventCountry "MDA"]
[SourceTitle "CBM 108 Extra"]
[Source "ChessBase"]
[SourceDate "2005.11.04"]
[SourceVersion "1"]
[SourceVersionDate "2005.11.04"]
[SourceQuality "1"]

1. e4 e5 2. Nf3 Nc6 3. Bb5 a6 4. Bxc6 dxc6 5. 0-0 Bg4 6. h3 h5 7. d3 Qf6 8. Nbd2 Ne7 9. Re1 Ng6 10. d4 Bd6 11. hxg4 hxg4 12. Nh2 Rxh2 13. Qxg4 Rh4 14. Qf5 exd4 15. Nf3 Rh7 16. Bg5 Qxf5 17. exf5+ Ne7 18. f6 gxf6 19. Bxf6 c5 20. Rxe7+ Bxe7 21. Re1 Kd7 22. Rxe7+ Kd6 23. Ng5 Rh5 24. Nxf7+ Kc6 25. g4 Rd5 26. g5 Rg8 27. Kf1 Kb6 28. Be5 c6 29. Nd6 1-0